Petičné právo a obecná samospráva
Teoreticko-právne východiská petičného práva v Slovenskej republike.
Saved in:
| Main Author: | |
|---|---|
| Format: | Book Chapter |
| Language: | Slovak |
| Subjects: | |
| Tags: |
No Tags, Be the first to tag this record!
|
MARC
| LEADER | 00000nla a2200000 4500 | ||
|---|---|---|---|
| 001 | 0242173 | ||
| 005 | 20240417075135.9 | ||
| 041 | 0 | |a slo | |
| 044 | |a SK | ||
| 245 | 1 | 0 | |a Petičné právo a obecná samospráva |c Tomáš Alman |
| 520 | |a Teoreticko-právne východiská petičného práva v Slovenskej republike. | ||
| 610 | 2 | 0 | |a Slovensko |
| 610 | 2 | 0 | |a právo petičné |
| 610 | 2 | 0 | |a správa verejná |
| 610 | 2 | 0 | |a samospráva |
| 100 | 1 | |a Alman, Tomáš | |